00786cam a2200217 a 450000100100000000500170001000800410002701000130006804000230008108200180010410000270012224501390014926000760028830000270036449000210039165000300041265000320044270000380047470000350051283000210054700000604520200929151912.0920603s1991 cu a 001 p spa d a00319265 aDO-SdBNPcRMPdDLC aCu861.4bO48s1 aOliver Labra, Carilda.10aSe me ha perdido un hombre /cCarilda Oliver Labra; edición de Bertha Hernández López; ilustración de José Pérez Olivares. aCiudad de La Habana :bUnión de Escritores y Artistas de Cuba,c1991. a84 p. :bil. ;c20 cm.1 aContemporáneos 4aPoesía cubanaySIGLO XX 4aLiteratura cubanaySIGLO XX1 aHernández López, Bertha,eed.1 aPérez Olivares, José,eil. 0aContemporáneos